| 000 | 01580nam a2200385Ii 4500 | ||
|---|---|---|---|
| 001 | DIGLMOND0039 | ||
| 003 | NyNyDIG | ||
| 006 | m o d | ||
| 007 | cr ||||||||||| | ||
| 008 | 230829s2016 cl ob 000 0 spa d | ||
| 035 | _a(OCoLC)1395569541 | ||
| 040 |
_aDGITA _beng _erda _epn _cDGITA |
||
| 020 | _z9789563401066 | ||
| 050 | 1 | 4 | _aJC491 ebook |
| 245 | 0 | 3 |
_aEl derecho a la rebelión : _benseñanza de la historia : cólera, resistencia, revuelta, sublevación, revolución... / _cGeorges Didi-Huberman [and 4 others]. |
| 264 | 1 |
_aSantiago, Chile : _bEditorial Aún Creemos en los Sueños, _c[2016] |
|
| 300 | _a1 online resource. | ||
| 336 |
_atext _btxt _2rdacontent |
||
| 337 |
_acomputer _bc _2rdamedia |
||
| 338 |
_aonline resource _bcr _2rdacarrier |
||
| 347 |
_atext file _2rdaft |
||
| 347 | _bPDF | ||
| 500 | _a"Selección de artículos de Le Monde diplomatique."--Cover | ||
| 504 | _aIncludes bibliographical references. | ||
| 588 | 0 | _aOnline resource; title from PDF title page (Digitalia, viewed August 29, 2023) | |
| 650 | 0 |
_aRevolutions _xHistory. |
|
| 650 | 0 |
_aRevolutions _xMoral and ethical aspects. |
|
| 700 | 1 |
_aDidi-Huberman, Georges, _eauthor. |
|
| 791 | 2 |
_aDigitalia (Firm), _edistributor. |
|
| 793 | 0 |
_gDigitalia eBook Collection: _aLe Monde Diplomatique |
|
| 776 | 0 | 8 |
_iPrint version: _tDerecho a la rebelión. _dSantiago, Chile : Editorial Aún Creemos en los Sueños, [2016] _z9789563401066 |
| 856 | 4 | 0 |
_3Digitalia Hispánica _uhttps://www.digitaliapublishing.com/a/128901/ |
| 910 | _aPremium collection: 2023 | ||
| 942 | _cRAA | ||
| 999 |
_c279941 _d279941 |
||